Economía internacional: teoría y política

Gespeichert in:
Bibliographische Detailangaben
Hauptverfasser: Krugman, Paul R (autor), Obstfeld, Maurice (VerfasserIn)
Format: Buch
Sprache:Spanisch
Veröffentlicht: Madrid Pearson Educación 2006
Ausgabe:7a. ed
Schlagworte:
Online-Zugang:Disponible Online
Tags: Tag hinzufügen
Keine Tags, Fügen Sie den ersten Tag hinzu!

MARC

LEADER 00000nam a2200000 a 4500
001 UCI2817
003 CL-VaPUC
005 20230630150029.0
008 070928e20060000SP |||||||||||||||||spa|d
999 |c 327240  |d 327238 
020 |a 847829080K 
040 |c Pontificia Universidad Católica de Valparaíso 
082 0 4 |a 337  |b KRU  |2 21 
100 |a Krugman, Paul R  |e autor  |9 601879 
245 1 0 |a Economía internacional: teoría y política 
250 |a 7a. ed 
260 |a Madrid  |b Pearson Educación  |c 2006 
300 |a 742 p 
500 |a ECONOMIA INTERNACIONAL 
500 |a COMERCIO INTERNACIONAL 
500 |a POLITICA ECONOMICA INTERNACIONAL 
500 |a MACROECONOMIA 
500 |a SISTEMA MONETARIO 
500 |a MERCADO DE CAPITALES 
500 |a DUMPING 
500 |a TRATDOS COMERCIALES INTERNACIONALES 
500 |a COMERCIO EXTERIOR 
583 |k Rodrigo Vera  |c 20210122 
650 7 |a COMERCIO INTERNACIONAL  |2 CL-VaPUC  |9 523996 
650 0 |a Política comercial  |9 259070 
650 0 |a Macroeconomía   |9 260301 
650 7 |a POLITICA MACROECONOMICA  |2 CL-VaPUC  |9 416064 
700 0 |a Obstfeld, Maurice  |e author  |9 523995 
852 |a BIBCUR 
856 4 |u http://bibliografiaobligatoria.pucv.cl/index.php/bibliotecapucv/catalog/book/26  |y Disponible Online  
942 |c BK  |2 ddc 
945 |d 20070928 00:00:00  |a rbrito 
952 |0 0  |1 0  |4 0  |6 337_000000000000000_KRU_2006  |7 0  |8 R  |9 409799  |a BIBENE  |b BIBENE  |d 2019-11-22  |i 4374665  |o 337 KRU 2006  |p 4374665  |r 2025-01-15  |w 2019-11-22  |y BK_R  |k ICO